header

I win, you win (Record no. 115628)

MARC details
000 -LEADER
fixed length control field 01126nam a2200289Ia 4500
100 1# - MAIN ENTRY--AUTHOR NAME
Personal name Lyons, Carl.
245 10 - TITLE STATEMENT
Title I win, you win
260 ## - PUBLICATION, DISTRIBUTION, ETC. (IMPRINT)
Place of publication London :
Name of publisher A & C Black,
Year of publication 2007.
300 ## - PHYSICAL DESCRIPTION
Number of Pages ix, 213 p. :
Other physical details ill.
500 ## - GENERAL NOTE
General note Includes index.
650 #0 - SUBJECT ADDED ENTRY--TOPICAL TERM
Topical Term Negotiation in business.
Topical Term Negotiation in business
856 40 - ELECTRONIC LOCATION AND ACCESS
Uniform Resource Identifier http://site.ebrary.com/lib/rucke/Doc?id=10196642

No items available.

© 2026 Rongo University
Contact us: librarian | system librarian | Rongo university